=LDR 00000nam 2200000 4500 =001 INLIS000000000059979 =005 20211227091822 =035 ##$$a 0010-1221000206 =007 ta =008 211227###########################0###### =082 ##$$a 499.227 03 =084 ##$$a 499.227 03 Nur k =245 1#$$a Kamus Saku Indonesia - Sasak =300 ##$$a xi, 213 halaman ; $c 19 em =240 ##$$a Nurhayati, S.S, Lalu Erwan Husnan, M.Pd, Ni Made Yudiastini, S.Pd, Desi Rachmawati, S.Pd. =600 #4$$a Indonesia - Sasak - Kamus =710 #$$a Nusa Tengagara Barat, Kantor Bahasa =264 ##$$a Mataram :$b Kantor Bahasa Nusa Tenggara Barat,$c 2020 =336 ##$$a Teks$2 rdacontent =337 ##$$a Buku$2 rdamedia =338 ##$$a Lain - lain$2 rdacarrier =990 ##$$a 37113711 =990 ##$$a 37113711 =990 ##$$a 37113711 =990 ##$$a 297/50/2021 =990 ##$$a 3202103711 =990 ##$$a 3202103712 =990 ##$$a 297/50/2021 =990 ##$$a 3202103711 =990 ##$$a 297/50/2021 =990 ##$$a 297/50/2021 =990 ##$$a 297/50/2021 =990 ##$$a 297/50/2021